Špecifiká Nitrianskej vinohradníckej oblasti

Vinohradníctvo a vinárstvo na Slovensku. História a súčasný stav. Vinohradnícke oblasti SR. Vymedzenie Nitrianskej vinohradníckej oblasti. Faktory oplyvňujúce pestovanie viniča hroznorodého v Nitrianskej vinohradníckej oblasti.

Salvato in:
Dettagli Bibliografici
Autore principale: Némethová, Jana
Natura: Capitolo di libro
Lingua:slovacco
Soggetti:
Tags: Aggiungi Tag
Nessun Tag, puoi essere il primo ad aggiungerne!!

MARC

LEADER 00000naa a2200000 4500
001 0191236
005 20220715084216.9
041 0 |a slo 
044 |a SK 
245 1 0 |a Špecifiká Nitrianskej vinohradníckej oblasti  |c Jana Némethová 
520 |a Vinohradníctvo a vinárstvo na Slovensku. História a súčasný stav. Vinohradnícke oblasti SR. Vymedzenie Nitrianskej vinohradníckej oblasti. Faktory oplyvňujúce pestovanie viniča hroznorodého v Nitrianskej vinohradníckej oblasti. 
610 2 0 |a Slovensko 
610 2 0 |a regióny 
610 2 0 |a víno 
610 2 0 |a vinohradníctvo 
100 1 |a Némethová, Jana